| 000 | 00520nam a2200193Ia 4500 | ||
|---|---|---|---|
| 003 | GCL | ||
| 008 | 140319s9999 xx 000 0 eng d | ||
| 040 |
_aGCL / _cGCL |
||
| 082 | 0 | 4 |
_a005.2 _bD W |
| 100 | 1 | _aDAVIS, RALPH. | |
| 245 | 1 | 0 |
_aWIN 32 NETWORK PROGRAMMING. / _cDAVIS, RALPH. |
| 260 |
_a[S.N] : _bADDISON WESLEY DEVELOPERS. ، _c1996 |
||
| 300 | _a820 P | ||
| 650 | 0 | 4 | _aMICROSOFT WIN 92 |
| 650 | 0 | 4 | _aAPPLICATION SOFTWARE, DEVELOPT |
| 650 | 0 | 4 | _aMICROSOFT |
| 650 | 0 | 4 | _aOPERATING SYSTEMS |
| 942 |
_2ddc _cBK |
||
| 999 |
_c13042 _d13042 |
||